000 00902nam a2200277 i 4500
001 bgj
100 1 _aWHITE, Ron.
245 1 0 _aProcess Writing /
_cRon White ; Valerie Arndt.
250 _a[4th impr.].
260 _aLondon :
_bLongman,
_c1995.
300 _aVI, 186 pp :
_bfig. ;
_c25 cm.
490 1 _aLongman Handbooks for Language Teachers
500 _a1st published in 1991.
504 _aBibliography p. 186.
650 9 _aEnglish language
_xStudy and teaching
_xForeign speakers
650 9 _aEnglish language
_xComposition and exercises
_xStudy and teaching
650 9 _aEnglish language
_xRhetoric
_xStudy and teaching
650 9 _aEnglish language
_xWriting
830 _aLongman Handbooks for Language Teachers
020 _a0582024447 (pbk)
040 _cBPK
041 0 _aeng
920 _a0-582-02444-7 (pbk)
942 _cKS
008 s uk f |000 0 eng
999 _c48097
_d48097
856 _uhttp://koha.tu.koszalin.pl/cgi-bin/koha/opac-detail.pl?biblionumber=48097
_yKatalog online BPK